Statistics for Curious George Intro Lyrics

Click here to take the quiz!

General Stats

  • This quiz has been taken 16 times
  • The average score is 9 of 15

Answer Stats

Answer% Correct
Like curious, like curious, like {Curious George}
91%
If you ask yourself {what is this}?
82%
When you open the {door}
82%
A big {adventure} or a brand new friend
73%
And meet {friends} like this
73%
There's more to {explore}
73%
You just can't {miss}
73%
You {never know} what's round the bend
73%
And that's your {reward}
55%
Get {curious} ({curious})
55%
When you're {curious} like {Curious George} (swing!)
55%
You're never {bored}
55%
And that's {marvelous} ({marvelous})
45%
Is so {glorious} ({glorious})
36%
When {everyday} ({everyday})
27%

Score Distribution

Percentile by Number Answered

Percent of People with Each Score

Your Score History

You have not taken this quiz